| 000 | 02356nam a2200421 i 4500 | ||
|---|---|---|---|
| 999 |
_c5344 _d5344 |
||
| 001 | ocn1398278282 | ||
| 003 | OSt | ||
| 005 | 20250908114140.0 | ||
| 008 | 240611t20242024nyuab j 000 1 eng d | ||
| 020 | _a9781250894557 | ||
| 040 |
_aDLC _beng _erda _cDLC _dIMmBT _dCaOL _dKH8 |
||
| 082 | _aFIC THO | ||
| 100 | 1 |
_aThomson, Pari, _eauthor. |
|
| 245 | 1 | 0 |
_aGreenwild : _bthe city beyond the sea / _cPari Thomson ; illustrations, Elisa Paganelli. |
| 246 | 3 | 3 | _aGreen wild. |
| 246 | 3 | 0 | _aThe city beyond the sea. |
| 250 | _aFirst edition. | ||
| 264 | 1 |
_aNew York : _bFarrar Straus Giroux, _c2024. |
|
| 264 | 4 | _c©2024. | |
| 300 |
_a380 pages : _billustrations, color map ; _c22 cm. |
||
| 336 |
_atext _btxt _2rdacontent. |
||
| 337 |
_aunmediated _bn _2rdamedia. |
||
| 338 |
_avolume _bnc _2rdacarrier. |
||
| 490 | 1 |
_aGreenwild ; _v2. |
|
| 500 | _aColour maps on endpapers. | ||
| 520 | _aDaisy Thistledown's epic adventure continues in the spellbinding sequel to New York Times bestseller The World Behind the Door by Pari Thomson.In a land ruled by water, treachery runs deep . . . Daisy Thistledown and the Five O'Clock Club might have defeated a terrifying foe, but their journey to find the missing Botanists is only just beginning.Desperate to join the long-awaited expedition to the heart of the Amazon, Daisy and her friends abandon the safety of magical Mallowmarsh –only to fall face-first into danger on the high seas when they find themselves pursued across the waves by Grim Reapers. Their only to find the legendary Iffenwild, a mysterious pocket of the Greenwild hidden and lost to time.But beneath the waves, a strange botanical magic stirs. And it will take all of Daisy's courage and determination – and the trust of an unexpected new friend – if she is to discover the truth that haunts Iffenwild, and save the Greenwild from a terrible fate. | ||
| 650 | 0 |
_aPreteen girls _vJuvenile fiction. |
|
| 650 | 0 |
_aMissing persons _vJuvenile fiction. |
|
| 650 | 0 |
_aMagic _vJuvenile fiction. |
|
| 650 | 0 |
_aRescues _vJuvenile fiction. |
|
| 650 | 0 |
_aMothers and daughters _vJuvenile fiction. |
|
| 650 | 7 |
_aNature fiction. _2lcgft. _2genre. |
|
| 650 | 7 |
_aSea fiction. _2lcgft. _2genre. |
|
| 650 | 7 |
_aFantasy fiction. _2lcgft. _2genre. |
|
| 700 | 1 |
_aPaganelli, Elisa, _d1985- _eillustrator. |
|
| 830 | 0 |
_aGreenwild ; _v2. |
|
| 942 |
_2ddc _cFIC |
||